[Event "33rd Leon Blitz Open 2020"]
[Site "chess.com INT"]
[Date "2020.07.14"]
[Round "10"]
[White "Nikitenko, Mihail"]
[Black "Flores Quillas, Diego Saul Rodri"]
[Result "1-0"]
[WhiteTitle "IM"]
[BlackTitle "FM"]
[WhiteElo "2436"]
[BlackElo "2245"]
[WhiteFideId "13506862"]
[BlackFideId "3822508"]
[EventDate "2020.07.14"]
[EventType "blitz"]

1. e4 c5 2. Nf3 e6 3. d4 cxd4 4. Nxd4 Nf6 5. Nc3 d6 6. g3 Be7 7. Bg2 a6 8. O-O
Qc7 9. Be3 O-O 10. h3 b5 11. Qd2 Bb7 12. a3 Nbd7 13. Rfe1 Rac8 14. Rad1 Nb6 15.
e5 dxe5 16. Ndxb5 axb5 17. Nxb5 Qc4 18. Bxb7 Qxb5 19. Bxc8 Rxc8 20. b3 Bxa3 21.
c4 Qc6 22. Qa5 Nxc4 23. bxc4 Qxc4 24. Qxa3 Qb5 25. Rb1 1-0

[Event "33rd Leon Blitz Open 2020"]
[Site "chess.com INT"]
[Date "2020.07.14"]
[Round "10"]
[White "Skuhala, Barbara"]
[Black "Schut, Han"]
[Result "0-1"]
[WhiteTitle "WFM"]
[WhiteElo "2089"]
[BlackElo "2101"]
[WhiteFideId "14605465"]
[BlackFideId "1005561"]
[EventDate "2020.07.14"]
[EventType "blitz"]

1. e4 c5 2. Nf3 d6 3. d4 cxd4 4. Nxd4 Nf6 5. Nc3 a6 6. f3 e5 7. Nb3 Be6 8. Be3
Be7 9. Qd2 Nbd7 10. O-O-O O-O 11. g4 b5 12. h4 b4 13. Ne2 a5 14. Kb1 Nb6 15. Ng3
d5 16. Nf5 d4 17. Bf2 a4 18. Nc1 Nc4 19. Bxc4 Bxc4 20. h5 b3 21. cxb3 axb3 22.
axb3 Bb5 23. Qg5 g6 24. hxg6 fxg6 25. Nh6+ Kh8 26. Qxe5 Qa5 27. Qxe7 Qa1+ 28.
Kc2 Rfc8+ 29. Kd2 Qxb2+ 30. Ke1 Qc3+ 31. Rd2 Qxc1+ 32. Rd1 Qc3+ 33. Rd2 Ra1# 0-1

[Event "33rd Leon Blitz Open 2020"]
[Site "chess.com INT"]
[Date "2020.07.14"]
[Round "10"]
[White "Matinian, Nikita"]
[Black "Niemann, Hans Moke"]
[Result "1-0"]
[WhiteTitle "GM"]
[BlackTitle "IM"]
[WhiteElo "2475"]
[BlackElo "2465"]
[WhiteFideId "24129100"]
[BlackFideId "2093596"]
[EventDate "2020.07.14"]
[EventType "blitz"]

1. e4 e6 2. d4 d5 3. Nc3 Nf6 4. Bg5 dxe4 5. Nxe4 Be7 6. Bxf6 gxf6 7. Nf3 f5 8.
Nc3 a6 9. Bc4 b5 10. Bb3 Bb7 11. Qe2 Qd6 12. O-O-O Nd7 13. d5 e5 14. Rhe1 e4 15.
Nd4 Qg6 16. g4 fxg4 17. Qxe4 Qxe4 18. Rxe4 Nf6 19. Re2 Kf8 20. Nf5 Bc5 21. d6
Bxd6 22. Rxd6 cxd6 23. Re7 Bc8 24. Rxf7+ Ke8 25. Nxd6+ Kd8 26. Rxf6 Bd7 27. Nf7+
Ke7 28. Nd5+ Kf8 1-0

[Event "33rd Leon Blitz Open 2020"]
[Site "chess.com INT"]
[Date "2020.07.14"]
[Round "10"]
[White "Villalba, Marcelo"]
[Black "Bommini, Mounika Akshaya"]
[Result "1-0"]
[WhiteTitle "IM"]
[BlackTitle "WFM"]
[WhiteElo "2258"]
[BlackElo "2029"]
[WhiteFideId "3701859"]
[BlackFideId "25019872"]
[EventDate "2020.07.14"]
[EventType "blitz"]

1. e4 e5 2. Nf3 Nc6 3. Bb5 a6 4. Ba4 Nf6 5. O-O Be7 6. d3 b5 7. Bb3 d6 8. a3 O-O
9. Nc3 Na5 10. Ba2 c5 11. Bg5 Be6 12. Bxf6 Bxf6 13. Nd5 Nc6 14. c3 Bg4 15. h3
Bh5 16. g4 Bg6 17. Kg2 h5 18. Qe2 Bh4 19. Ne3 Bg5 20. Bd5 Rc8 21. a4 Ne7 22. Bb7
Rb8 23. Bxa6 bxa4 24. Bc4 Qb6 25. Nxg5 1-0

[Event "33rd Leon Blitz Open 2020"]
[Site "chess.com INT"]
[Date "2020.07.14"]
[Round "10"]
[White "Baskin, Robert"]
[Black "Kazakouski, Valery"]
[Result "1-0"]
[WhiteTitle "IM"]
[BlackTitle "IM"]
[WhiteElo "2390"]
[BlackElo "2473"]
[WhiteFideId "24662402"]
[BlackFideId "13507443"]
[EventDate "2020.07.14"]
[EventType "blitz"]

1. e4 c5 2. Nf3 a6 3. c3 d5 4. exd5 Qxd5 5. d4 Bg4 6. Be2 Nf6 7. h3 Bh5 8. c4
Qd6 9. d5 e6 10. Nc3 exd5 11. cxd5 Be7 12. O-O O-O 13. a4 Nbd7 14. Re1 Rfe8 15.
a5 Qc7 16. Bg5 h6 17. Bh4 Bd6 18. Qd2 Ne4 19. Nxe4 Rxe4 20. Bd3 Rxe1+ 21. Nxe1
Re8 22. Nc2 Bf4 23. Qc3 Be5 24. Qb3 Nf6 25. Re1 g5 26. Bg3 Bxg3 27. Rxe8+ Nxe8
28. fxg3 Bd1 29. Qc3 Bxc2 30. Bxc2 Qe7 31. Qd3 Nf6 32. d6 Qd8 33. Bb3 Qxa5 34.
Qg6+ 1-0

[Event "33rd Leon Blitz Open 2020"]
[Site "chess.com INT"]
[Date "2020.07.14"]
[Round "10"]
[White "Bauer, Christian"]
[Black "Shuvalov, Evgenij"]
[Result "1-0"]
[WhiteTitle "GM"]
[WhiteElo "2623"]
[BlackElo "2182"]
[WhiteFideId "603767"]
[BlackFideId "4187237"]
[EventDate "2020.07.14"]
[EventType "blitz"]

1. e4 e6 2. Qe2 c5 3. Nf3 Nc6 4. g3 Be7 5. Bg2 d5 6. d3 Nf6 7. O-O O-O 8. e5 Nd7
9. c4 d4 10. h4 b6 11. Bf4 Bb7 12. Nbd2 Qc7 13. Rfe1 Rfe8 14. Nf1 Bf8 15. N1h2
Ne7 16. Ng5 Ng6 17. Qh5 h6 18. Nxf7 Kxf7 19. Bxb7 Qxb7 20. Re4 Be7 21. Ng4 Nf8
22. Bxh6 gxh6 23. Nxh6+ Kg7 24. Rae1 Bd8 25. Rg4 Re7 26. Ree4 Qd7 27. Ref4 Qe8
28. Rf6 Rd7 29. Rxf8 Kxf8 30. Rxg6 Rg7 31. Qf3+ Rf7 32. Rg8+ Ke7 33. Rxe8+ Kxe8
34. Qxf7# 1-0

[Event "33rd Leon Blitz Open 2020"]
[Site "chess.com INT"]
[Date "2020.07.14"]
[Round "10"]
[White "Ogloblin, Nikolay"]
[Black "Svane, Frederik"]
[Result "1-0"]
[WhiteTitle "IM"]
[BlackTitle "FM"]
[WhiteElo "2346"]
[BlackElo "2421"]
[WhiteFideId "4139658"]
[BlackFideId "12923044"]
[EventDate "2020.07.14"]
[EventType "blitz"]

1. d4 Nf6 2. Nf3 b6 3. c4 Bb7 4. Nc3 e6 5. a3 d5 6. Bg5 Be7 7. e3 O-O 8. Bxf6
Bxf6 9. cxd5 exd5 10. Bd3 c5 11. O-O g6 12. Rc1 Nc6 13. dxc5 bxc5 14. Na4 c4 15.
Be2 Rb8 16. Nc3 Na5 17. Rc2 Nb3 18. Nd4 Bxd4 19. exd4 Qb6 20. Bf3 Nxd4 21. Rd2
Nxf3+ 22. Qxf3 d4 23. Nd5 Qc5 24. Nf6+ Kg7 25. Qf4 Rbd8 26. Ng4 h5 27. Qh6+ Kg8
28. Nf6# 1-0

[Event "33rd Leon Blitz Open 2020"]
[Site "chess.com INT"]
[Date "2020.07.14"]
[Round "10"]
[White "Winslow, Elliott"]
[Black "Zablotsky, Sergei"]
[Result "0-1"]
[WhiteTitle "IM"]
[BlackTitle "GM"]
[WhiteElo "2150"]
[BlackElo "2511"]
[WhiteFideId "2002523"]
[BlackFideId "4131606"]
[EventDate "2020.07.14"]
[EventType "blitz"]

1. e4 Nf6 2. e5 Nd5 3. d4 d6 4. c4 Nb6 5. f4 dxe5 6. fxe5 Nc6 7. Be3 Bf5 8. Nc3
e6 9. Nf3 Nb4 10. Rc1 c5 11. Be2 cxd4 12. Nxd4 Rc8 13. b3 Bg6 14. O-O Nc6 15.
Ndb5 Nd7 16. Nd6+ Bxd6 17. exd6 O-O 18. a3 Nce5 19. Nb5 b6 20. Nxa7 Ra8 21. Nb5
Qb8 22. Qd4 Qb7 23. Bf4 Nc6 24. Qe3 e5 25. Bg3 h6 26. a4 f5 27. Qd2 f4 28. Bf2
Kh8 29. Nc7 Rab8 30. Qd5 e4 31. Bd4 f3 32. gxf3 Rf5 33. Qe6 Rg5+ 34. Kh1 Nxd4
35. Qh3 Bf5 36. Qh4 0-1

[Event "33rd Leon Blitz Open 2020"]
[Site "chess.com INT"]
[Date "2020.07.14"]
[Round "10"]
[White "Petkov, Momchil"]
[Black "Djukic, Nikola"]
[Result "0-1"]
[WhiteTitle "FM"]
[BlackTitle "GM"]
[WhiteElo "2315"]
[BlackElo "2525"]
[WhiteFideId "2921642"]
[BlackFideId "922412"]
[EventDate "2020.07.14"]
[EventType "blitz"]

1. d4 Nf6 2. c4 g6 3. Nc3 Bg7 4. e4 d6 5. h3 O-O 6. Be3 e5 7. d5 a5 8. g4 Na6 9.
Nge2 c6 10. Ng3 Bd7 11. Be2 Nc5 12. Kf1 a4 13. h4 Qa5 14. Qd2 cxd5 15. cxd5 b5
16. g5 b4 17. gxf6 bxc3 18. bxc3 Bxf6 19. h5 Bb5 20. Kg2 Bxe2 21. Qxe2 Qxc3 22.
Rac1 Qd3 23. Qg4 Rac8 24. hxg6 fxg6 25. Rxh7 Kxh7 26. Rh1+ Kg8 27. Qxg6+ Bg7 28.
Rh7 Rf7 29. Nf5 Qxe4+ 30. Kg1 Qxf5 31. Rxg7+ Rxg7 0-1

[Event "33rd Leon Blitz Open 2020"]
[Site "chess.com INT"]
[Date "2020.07.14"]
[Round "10"]
[White "Mehdi, Hasan Parag"]
[Black "Starozhilov, Leonid"]
[Result "0-1"]
[WhiteTitle "FM"]
[WhiteElo "2180"]
[BlackElo "2318"]
[WhiteFideId "10201203"]
[BlackFideId "14106752"]
[EventDate "2020.07.14"]
[EventType "blitz"]

1. e4 g6 2. d4 Bg7 3. Nc3 d6 4. f4 Nf6 5. Bd3 Nc6 6. Nf3 Bg4 7. Be3 Nd7 8. e5
Nb6 9. h3 Bxf3 10. Qxf3 Nb4 11. O-O-O Nxd3+ 12. Rxd3 d5 13. f5 Qd7 14. e6 fxe6
15. fxe6 Qxe6 16. Re1 O-O-O 17. Nb5 Qd7 18. Nxa7+ Kb8 19. Ra3 Nc4 20. Bf4 Rhf8
21. Rf1 Rxf4 22. Qxf4 Nxa3 0-1

[Event "33rd Leon Blitz Open 2020"]
[Site "chess.com INT"]
[Date "2020.07.14"]
[Round "10"]
[White "Aldokhin, Ivan"]
[Black "Vovk, Orest"]
[Result "1-0"]
[WhiteTitle "IM"]
[BlackTitle "FM"]
[WhiteElo "2413"]
[BlackElo "2315"]
[WhiteFideId "24115720"]
[BlackFideId "14113490"]
[EventDate "2020.07.14"]
[EventType "blitz"]

1. e4 Nc6 2. Nf3 d5 3. exd5 Qxd5 4. Nc3 Qa5 5. d4 Bg4 6. Bb5 O-O-O 7. Bxc6 bxc6
8. h3 Qh5 9. Qe2 Bxf3 10. gxf3 Kb7 11. d5 Nf6 12. dxc6+ Kxc6 13. Be3 e6 14. Qa6+
Kd7 15. O-O-O+ Bd6 16. Qb7 Ke8 17. Rhg1 Kf8 18. Rg5 Qxh3 19. Rdg1 g6 20. f4 Kg7
21. Rh1 Rb8 22. Qc6 Qxh1+ 23. Qxh1 h6 24. Ra5 c5 25. Rxa7 Rb4 26. a3 Rc4 27. Qf1
Rxf4 28. Bxf4 Bxf4+ 29. Kb1 h5 30. Qc4 g5 31. Qxe6 Rf8 32. Qf5 Ng4 33. Ne4 Nh6
34. Qf6+ 1-0

[Event "33rd Leon Blitz Open 2020"]
[Site "chess.com INT"]
[Date "2020.07.14"]
[Round "10"]
[White "Gabdrakhmanov, Azat"]
[Black "Rottenwohrer Suarez, Juan"]
[Result "1-0"]
[WhiteTitle "FM"]
[BlackTitle "CM"]
[WhiteElo "2328"]
[BlackElo "2197"]
[WhiteFideId "34189197"]
[BlackFideId "32068182"]
[EventDate "2020.07.14"]
[EventType "blitz"]

1. e4 c5 2. Nf3 e6 3. d4 cxd4 4. Nxd4 Nc6 5. Nc3 Qc7 6. Be3 a6 7. Qd2 Nf6 8. f3
Be7 9. g4 h6 10. h4 b5 11. Rg1 d5 12. g5 hxg5 13. hxg5 b4 14. Nce2 Nd7 15. g6
Nce5 16. gxf7+ Kxf7 17. Nf4 Nb6 18. O-O-O Nbc4 19. Bxc4 Nxc4 20. Qe2 Nxe3 21.
Qxe3 g5 22. Nfxe6 Bxe6 23. Nxe6 Kxe6 24. exd5+ Kd7 25. Qe6+ Kd8 26. d6 1-0

[Event "33rd Leon Blitz Open 2020"]
[Site "chess.com INT"]
[Date "2020.07.14"]
[Round "10"]
[White "Ajay, Karthikeyan"]
[Black "Hejazipour, Mitra"]
[Result "0-1"]
[WhiteTitle "FM"]
[BlackTitle "WGM"]
[WhiteElo "2315"]
[BlackElo "2300"]
[WhiteFideId "35011685"]
[BlackFideId "12505951"]
[EventDate "2020.07.14"]
[EventType "blitz"]

1. Nf3 Nf6 2. b3 e6 3. Bb2 b6 4. e3 Bb7 5. Be2 Be7 6. O-O O-O 7. d4 c5 8. Nbd2
d5 9. c4 Nbd7 10. Bd3 Ne4 11. Qe2 f5 12. Rac1 cxd4 13. Nxd4 Ndc5 14. cxd5 Bxd5
15. Bc4 Nxd2 16. Qxd2 Bf6 17. Qe2 Bxc4 18. Qxc4 Qd7 19. b4 Bxd4 20. Bxd4 Ne4 21.
Qc7 Rfd8 22. Rfd1 Qxc7 23. Rxc7 e5 24. f3 Nf6 25. Re1 exd4 26. exd4 Rd7 27. Re7
Rxe7 28. Rxe7 Nd5 29. Rd7 Nxb4 30. a4 a6 31. Kf2 b5 32. axb5 axb5 33. Rb7 Ra5
34. h4 Nd5 35. h5 h6 36. g4 fxg4 37. fxg4 b4 38. Kf3 Ra3+ 39. Ke4 Nc3+ 40. Kf5
Ra5+ 41. Ke6 Rb5 42. Rc7 b3 43. Rc8+ Kh7 44. Kf7 b2 45. Rg8 Rb7+ 46. Kf8 b1=Q
47. g5 Qf5+ 48. Ke8 Qc8# 0-1

[Event "33rd Leon Blitz Open 2020"]
[Site "chess.com INT"]
[Date "2020.07.14"]
[Round "10"]
[White "Zverev, Lev"]
[Black "Simonovic, Miroslav"]
[Result "1-0"]
[WhiteTitle "CM"]
[BlackTitle "CM"]
[WhiteElo "2087"]
[BlackElo "2129"]
[WhiteFideId "24250775"]
[BlackFideId "919152"]
[EventDate "2020.07.14"]
[EventType "blitz"]

1. e4 c5 2. Ne2 Nc6 3. Nbc3 g6 4. b3 Bg7 5. Bb2 e5 6. Nd5 Nge7 7. Nec3 d6 8. Bc4
Be6 9. Nb5 Bxd5 10. exd5 Na5 11. a4 O-O 12. h4 h6 13. O-O Nxc4 14. bxc4 a6 15.
Nc3 f5 16. a5 e4 17. Qb1 Rb8 18. Na4 Nc8 19. Bxg7 Kxg7 20. h5 gxh5 21. d3 exd3
22. cxd3 f4 23. Re1 f3 24. d4 Qh4 25. Re6 Rf6 26. Rxf6 Qxf6 27. Qe1 fxg2 28. Qe8
Qf8 29. Re1 Na7 30. Re7+ Kh8 31. Qd7 Rd8 32. Qe6 1-0

[Event "33rd Leon Blitz Open 2020"]
[Site "chess.com INT"]
[Date "2020.07.14"]
[Round "10"]
[White "Budrewicz, Krzysztof"]
[Black "Rojas Salas, Steven"]
[Result "1-0"]
[BlackTitle "FM"]
[WhiteElo "2227"]
[BlackElo "2194"]
[WhiteFideId "1127950"]
[BlackFideId "3819434"]
[EventDate "2020.07.14"]
[EventType "blitz"]

1. d4 d5 2. c4 c6 3. e3 Nf6 4. Nf3 a6 5. a4 e6 6. a5 Ne4 7. Nbd2 Bb4 8. Qa4 Qe7
9. Bd3 O-O 10. O-O Nxd2 11. Bxd2 Bxd2 12. Nxd2 Nd7 13. f4 c5 14. cxd5 exd5 15.
Rfe1 c4 16. Bf1 Nf6 17. Qa3 Re8 18. b3 Qxa3 19. Rxa3 c3 20. Nf3 Bf5 21. Ne5 Rac8
22. b4 Rc7 23. Rc1 Rec8 24. b5 axb5 25. Bxb5 Ng4 26. Nxg4 Bxg4 27. Bd3 c2 28.
Kf2 Bd1 29. Ke1 g6 30. Kd2 Re8 31. Be2 Rec8 32. Bf3 Bxf3 33. gxf3 Rc4 34. Ra2
R8c6 35. Rcxc2 Rxc2+ 36. Rxc2 Ra6 37. Rc5 b6 38. axb6 Rxb6 39. Rxd5 Rb2+ 40. Kd3
Rxh2 41. Rd8+ Kg7 42. d5 Rh1 43. e4 h5 44. Ke3 h4 45. Kf2 h3 46. Kg3 Kf6 47. Rh8
Rg1+ 48. Kh2 Rf1 49. Rxh3 g5 50. Kg2 Rd1 51. Rh6+ Kg7 52. fxg5 Rxd5 53. exd5 f6
54. Rxf6 1-0

[Event "33rd Leon Blitz Open 2020"]
[Site "chess.com INT"]
[Date "2020.07.14"]
[Round "10"]
[White "Lopez Idarraga, Daniel Eduardo"]
[Black "Baches Garcia, Guillermo"]
[Result "1-0"]
[WhiteTitle "FM"]
[BlackTitle "IM"]
[WhiteElo "2009"]
[BlackElo "2329"]
[WhiteFideId "4405501"]
[BlackFideId "2209764"]
[EventDate "2020.07.14"]
[EventType "blitz"]

1. d4 Nf6 2. Nf3 e6 3. Bf4 d5 4. e3 Bd6 5. Nbd2 O-O 6. Bd3 c5 7. dxc5 Bxc5 8.
O-O Nc6 9. c4 a6 10. Rc1 Bd6 11. Bg5 Be7 12. Bb1 h6 13. Bh4 e5 14. Bxf6 Bxf6 15.
cxd5 Qxd5 16. Ne4 Qe6 17. Qc2 g6 18. Rfd1 Bg7 19. Nc5 Qe7 20. Qb3 Rd8 21. Rxd8+
Nxd8 22. Bxg6 Bg4 23. Be4 Rc8 24. Qd1 f5 25. Bd5+ Kh8 26. Nd3 Nc6 27. h3 Bh5 28.
Bxc6 bxc6 29. Nfxe5 Qe8 30. Nf3 Rd8 31. Qe2 Bxf3 32. gxf3 Qg6+ 33. Kh1 Qh5 34.
Nf4 Qh4 35. Ng6+ 1-0

[Event "33rd Leon Blitz Open 2020"]
[Site "chess.com INT"]
[Date "2020.07.14"]
[Round "10"]
[White "Galiana Salom, Juan Ramon"]
[Black "Manninen, Marko"]
[Result "1-0"]
[WhiteTitle "FM"]
[BlackTitle "IM"]
[WhiteElo "2248"]
[BlackElo "2377"]
[WhiteFideId "2203081"]
[BlackFideId "500690"]
[EventDate "2020.07.14"]
[EventType "blitz"]

1. e4 e6 2. d4 d5 3. Nd2 c5 4. exd5 Qxd5 5. Ngf3 cxd4 6. Bc4 Qd6 7. O-O Nf6 8.
Qe2 Nc6 9. Nb3 Bd7 10. Rd1 Qc7 11. Nbxd4 Nxd4 12. Rxd4 Bc6 13. Bf4 Qb6 14. Rad1
Bc5 15. R4d3 O-O 16. Ne5 Nd5 17. Bc1 Ne7 18. Rh3 Nf5 19. Bd3 Rad8 20. Rf1 g6 21.
Ng4 Bd4 22. Bh6 Rfe8 23. Bg5 h5 24. Bxd8 Qxd8 25. Ne3 Nxe3 26. fxe3 Bxb2 27. Qf2
Re7 28. Qf4 Bg7 29. Qg3 e5 30. Rh4 e4 31. Bc4 Qe8 32. Qxg6 Bb5 33. Bxb5 Qxb5 34.
Qxh5 Qxh5 35. Rxh5 1-0

[Event "33rd Leon Blitz Open 2020"]
[Site "chess.com INT"]
[Date "2020.07.14"]
[Round "10"]
[White "Keosidi, Konstantin"]
[Black "Chan, Yi Ren Daniel"]
[Result "1-0"]
[WhiteTitle "FM"]
[BlackTitle "FM"]
[WhiteElo "2404"]
[BlackElo "2316"]
[WhiteFideId "4175247"]
[BlackFideId "5801583"]
[EventDate "2020.07.14"]
[EventType "blitz"]

1. e4 d6 2. Nc3 e5 3. f4 exf4 4. Nf3 g5 5. Bc4 g4 6. O-O Be6 7. Bxe6 fxe6 8. Nd4
e5 9. Qxg4 exd4 10. Qh5+ Kd7 11. Qf5+ Ke8 12. Qh5+ Kd7 13. Qf5+ Ke8 14. Rxf4 Ne7
15. Qf7+ Kd7 16. Nd5 c6 17. Nf6+ Kc7 18. Ne8+ Kc8 19. Qe6+ Nd7 20. Nxd6+ Kc7 21.
Nf7 Qe8 22. Nxh8 Qh5 23. Qg4 Qc5 24. d3 Qxc2 25. Qg3 Kb6 26. Rf2 Qd1+ 27. Rf1
Qc2 28. Bg5 Nc8 29. Nf7 Bc5 30. Rac1 Qa4 31. Bf4 Qxa2 32. Bc7+ Kb5 33. Nd6+ Nxd6
34. Bxd6 Bb6 35. Qg5+ c5 36. Qe7 Kc6 37. Bg3 Bc7 38. Bxc7 Kxc7 39. Rxc5+ Kb6 40.
Qd6# 1-0

[Event "33rd Leon Blitz Open 2020"]
[Site "chess.com INT"]
[Date "2020.07.14"]
[Round "10"]
[White "Korobov, Anton"]
[Black "Erigaisi, Arjun"]
[Result "1-0"]
[WhiteTitle "GM"]
[BlackTitle "GM"]
[WhiteElo "2688"]
[BlackElo "2559"]
[WhiteFideId "14105730"]
[BlackFideId "35009192"]
[EventDate "2020.07.14"]
[EventType "blitz"]

1. d4 d5 2. c4 e6 3. Nc3 c6 4. e3 Nf6 5. Nf3 Nbd7 6. Be2 dxc4 7. a4 b6 8. Bxc4
Bb7 9. e4 Bb4 10. e5 Nd5 11. Bd2 O-O 12. Nxd5 Bxd2+ 13. Qxd2 exd5 14. Bd3 f6 15.
O-O fxe5 16. Nxe5 Nxe5 17. dxe5 c5 18. f4 Rc8 19. Rad1 Qe7 20. Bb1 Kh8 21. Rde1
g6 22. Re3 d4 23. Rh3 Rc6 24. f5 gxf5 25. Rxf5 Rc7 26. Rxh7+ Kxh7 27. Rxf8+ Kg7
28. Rf5 d3 29. Qxd3 c4 30. Qg3+ Kh6 31. Rh5+ Kxh5 32. Qg6+ Kh4 33. g3+ 1-0

[Event "33rd Leon Blitz Open 2020"]
[Site "chess.com INT"]
[Date "2020.07.14"]
[Round "10"]
[White "Golubev, Mikhail"]
[Black "Ortega Amarelle, Mariano"]
[Result "1-0"]
[WhiteTitle "GM"]
[BlackTitle "IM"]
[WhiteElo "2461"]
[BlackElo "2458"]
[WhiteFideId "14100983"]
[BlackFideId "3504301"]
[EventDate "2020.07.14"]
[EventType "blitz"]

1. e4 e5 2. Nf3 Nc6 3. Nc3 Nf6 4. d4 exd4 5. Nxd4 Bb4 6. Nxc6 bxc6 7. Bd3 d5 8.
exd5 O-O 9. O-O cxd5 10. Bg5 c6 11. Na4 h6 12. Bh4 Bd6 13. Re1 Rb8 14. c3 Be6
15. Bc2 g5 16. Bg3 c5 17. Qf3 Kg7 18. h4 Bg4 19. Qd3 c4 20. Qd4 Bxg3 21. fxg3
Qd6 22. hxg5 hxg5 23. Re5 Rh8 24. Rxg5+ Kf8 25. Rxg4 Nxg4 26. Qxh8+ Ke7 27. Re1+
Kd7 28. Qh3 1-0

[Event "33rd Leon Blitz Open 2020"]
[Site "chess.com INT"]
[Date "2020.07.14"]
[Round "10"]
[White "Santos Latasa, Jaime"]
[Black "Deac, Bogdan-Daniel"]
[Result "1/2-1/2"]
[WhiteTitle "GM"]
[BlackTitle "GM"]
[WhiteElo "2575"]
[BlackElo "2625"]
[WhiteFideId "2293307"]
[BlackFideId "1226380"]
[EventDate "2020.07.14"]
[EventType "blitz"]

1. e4 c5 2. Nf3 d6 3. d4 cxd4 4. Nxd4 Nf6 5. Nc3 a6 6. h4 Nbd7 7. g4 d5 8. exd5
Nb6 9. Nf5 h5 10. Bg2 hxg4 11. Ng3 e6 12. dxe6 Qxd1+ 13. Nxd1 fxe6 14. Be3 Nbd5
15. Bd4 Nf4 16. Ne3 Nxg2+ 17. Nxg2 b5 18. Nf4 Bb7 19. Rh2 Kf7 20. O-O-O Rd8 21.
h5 Bd6 22. Ng6 Rxh5 23. Bxf6 Rxh2 24. Bxd8 Bxg3 25. fxg3 Kxg6 26. Bc7 Bf3 27.
Re1 Kf5 28. Re5+ Kf6 29. Re3 Rh1+ 30. Kd2 Rd1+ 31. Kc3 Rd5 32. Kb4 Rd4+ 33. Ka5
Ra4+ 34. Kb6 Rxa2 35. Be5+ Kf5 36. Bxg7 b4 37. Bd4 Be4 38. c4 bxc3 39. Bxc3 a5
40. Kc5 a4 41. Kb4 Bd5 42. Re5+ Kg6 43. Re1 Kf5 44. Re5+ Kg6 45. Re1 Kf5 46.
Re5+ 1/2-1/2

[Event "33rd Leon Blitz Open 2020"]
[Site "chess.com INT"]
[Date "2020.07.14"]
[Round "10"]
[White "Motylev, Alexander"]
[Black "Divya, Deshmukh"]
[Result "1-0"]
[WhiteTitle "GM"]
[BlackTitle "WIM"]
[WhiteElo "2641"]
[BlackElo "2305"]
[WhiteFideId "4121830"]
[BlackFideId "35006916"]
[EventDate "2020.07.14"]
[EventType "blitz"]

1. e4 c5 2. Nc3 Nc6 3. Bb5 Nd4 4. Nf3 g6 5. Bc4 Bg7 6. Nxd4 cxd4 7. Qf3 Nh6 8.
Ne2 O-O 9. d3 Ng4 10. Bb3 Ne5 11. Qg3 Nc6 12. h4 Na5 13. h5 Nxb3 14. axb3 d5 15.
Qh2 Qd6 16. Bf4 Qb4+ 17. Kd1 g5 18. h6 Bf6 19. e5 Bg4 20. f3 Bf5 21. Bd2 Qc5 22.
exf6 Rac8 23. Rc1 exf6 24. g4 Bg6 25. f4 gxf4 26. Qxf4 Qe7 27. Nxd4 Rfe8 28. Re1
Qd7 29. Bc3 b5 30. b4 Rxe1+ 31. Kxe1 Re8+ 32. Kf2 f5 33. gxf5 1-0

[Event "33rd Leon Blitz Open 2020"]
[Site "chess.com INT"]
[Date "2020.07.14"]
[Round "10"]
[White "Williams, Simon K"]
[Black "Tay, Junior"]
[Result "1-0"]
[WhiteTitle "GM"]
[BlackTitle "CM"]
[WhiteElo "2464"]
[BlackElo "2230"]
[WhiteFideId "404454"]
[BlackFideId "5800439"]
[EventDate "2020.07.14"]
[EventType "blitz"]

1. e4 e5 2. f4 Nc6 3. Bc4 exf4 4. Nf3 h6 5. d4 g5 6. d5 Nce7 7. d6 Ng6 8. Qd5
Qf6 9. e5 Qf5 10. O-O N8e7 11. dxe7 Bxe7 12. Nd4 Qxe5 13. Qxf7+ Kd8 14. Ne6+
dxe6 15. Rd1+ Bd6 16. Qxg6 Bd7 17. Nc3 Kc8 18. Ne4 Bc5+ 19. Kh1 Rd8 20. Bd2 b5
21. Bc3 Qf5 22. Qxf5 exf5 23. Nxc5 bxc4 24. Bf6 Rf8 25. Nxd7 Rf7 26. Nc5 Rxf6
27. Rd4 Rd6 28. Rxc4 Rb8 29. b4 Kd8 30. Re1 a5 31. a3 axb4 32. axb4 c6 33. h3
Rc8 34. Nb7+ Kc7 35. Nxd6 Kxd6 36. Rd1+ Kc7 37. b5 1-0

[Event "33rd Leon Blitz Open 2020"]
[Site "chess.com INT"]
[Date "2020.07.14"]
[Round "10"]
[White "Thipsay, Praveen M"]
[Black "Melian, Juan Sebastian"]
[Result "1-0"]
[WhiteTitle "GM"]
[BlackTitle "CM"]
[WhiteElo "2376"]
[BlackElo "1950"]
[WhiteFideId "5000033"]
[BlackFideId "3706575"]
[EventDate "2020.07.14"]
[EventType "blitz"]

1. e4 c5 2. Nf3 e6 3. d4 cxd4 4. Nxd4 a6 5. Bd3 Bc5 6. Nb3 Be7 7. O-O Qc7 8. Nc3
d6 9. f4 Nf6 10. Qf3 Nbd7 11. Bd2 b6 12. Qg3 Bb7 13. Rae1 Rc8 14. Qxg7 Rg8 15.
Qh6 Nf8 16. f5 e5 17. a4 Bc6 18. Rf3 Qb7 19. Rg3 Rxg3 20. hxg3 b5 21. axb5 axb5
22. Bg5 Ng4 23. Qh5 Qb6+ 24. Kh1 Qf2 25. Qxg4 Qxe1+ 26. Kh2 Bxg5 27. Qxg5 b4 28.
Nb5 Rd8 29. Na5 Bxe4 30. Qf6 Bxd3 31. Nc6 Rd7 32. Nc7+ Rxc7 33. Qd8# 1-0